[Event "Dortmund7"]
[Site "Dortmund"]
[Date "2003.11.05"]
[Round "7"]
[White "Prangemeier, Dirk"]
[Black "Skoecz, Horst"]
[Result "1-0"]
[WhiteElo "1377"]
[BlackElo "1401"]
[PlyCount "53"]
[EventDate "2003.10.01"]
[EventType "tourn"]
[EventRounds "13"]
[EventCountry "GER"]
[SourceTitle "EXT 2007"]
[Source "ChessBase"]
[SourceDate "2006.11.23"]
[SourceVersion "1"]
[SourceVersionDate "2006.11.23"]
[SourceQuality "1"]

1. Nf3 c6 2. d4 d5 3. Nc3 Nf6 4. Bg5 Nbd7 5. Ne5 Ng8 6. Nxd7 Qxd7 7. e4 dxe4 8. d5 e6 9. dxc6 Qxd1+ 10. Rxd1 f6 11. Bb5 Kf7 12. Be3 Bb4 13. cxb7 Bxb7 14. Rd7+ Ne7 15. Rxb7 Rhc8 16. Bd2 f5 17. a3 Bd6 18. 0-0 a6 19. Be2 Rd8 20. Rd1 Kf6 21. g4 h6 22. Be1 Nd5 23. Nxd5+ exd5 24. Rb6 Kg5 25. h4+ Kf4 26. Rxd5 Bc7 27. Rxf5# 1-0

[Event "Dortmund7"]
[Site "Dortmund"]
[Date "2003.10.01"]
[Round "1"]
[White "Prangemeier, Dirk"]
[Black "Zaremba, Joerg"]
[Result "1/2-1/2"]
[WhiteElo "1377"]
[BlackElo "1405"]
[PlyCount "113"]
[EventDate "2003.10.01"]
[EventType "tourn"]
[EventRounds "13"]
[EventCountry "GER"]
[SourceTitle "EXT 2007"]
[Source "ChessBase"]
[SourceDate "2006.11.23"]
[SourceVersion "1"]
[SourceVersionDate "2006.11.23"]
[SourceQuality "1"]

1. d4 g6 2. c4 Bg7 3. Nf3 d6 4. Nc3 Nf6 5. e4 Bg4 6. Bg5 c5 7. d5 Qa5 8. Bd2 Nbd7 9. Be2 0-0 10. 0-0 e6 11. h3 Bxf3 12. Bxf3 Ne5 13. Be2 Qb6 14. f4 Ned7 15. Rb1 Rae8 16. Bd3 exd5 17. exd5 a6 18. Kh1 Qc7 19. a4 Nh5 20. Qf3 f5 21. Ne2 Qd8 22. Ng3 Nxg3+ 23. Qxg3 Nf6 24. Be1 Rf7 25. Qf3 Rfe7 26. Qd1 Qd7 27. b3 Nh5 28. g3 Re3 29. Rg1 Qf7 30. Bf2 R3e7 31. Qf3 Bh8 32. Rge1 Qf6 33. Kg2 Qc3 34. Rxe7 Rxe7 35. Qd1 Nf6 36. Rc1 Qb2 37. Qc2 Ne4 38. Qxb2 Bxb2 39. Rc2 Nxf2 40. Kxf2 Bd4+ 41. Kg2 Re3 42. Rd2 Kf7 43. h4 Kf6 44. Bc2 h6 45. Kh3 g5 46. fxg5+ hxg5 47. hxg5+ Kxg5 48. Rf2 Rc3 49. Rxf5+ Kh6 50. Bd1 Be5 51. Rf3 Kg5 52. Rxc3 Bxc3 53. Bf3 Kf6 54. Bg4 a5 55. Bc8 b6 56. g4 Kg5 57. Kg3 1/2-1/2

[Event "Dortmund ABC Aufstreber 18th"]
[Site "Dortmund"]
[Date "2002.12.06"]
[Round "13"]
[White "Prangemeier, Dirk"]
[Black "Guelicher, Michael"]
[Result "1-0"]
[WhiteElo "1371"]
[BlackElo "1491"]
[PlyCount "45"]
[EventDate "2002.10.11"]
[EventType "tourn"]
[EventRounds "13"]
[EventCountry "GER"]
[SourceTitle "EXT 2004"]
[Source "ChessBase"]
[SourceDate "2003.11.25"]
[SourceVersion "1"]
[SourceVersionDate "2003.11.25"]
[SourceQuality "1"]

1. Nf3 d5 2. d4 Nf6 3. Nc3 e6 4. Bf4 Bd6 5. Ne5 Nbd7 6. e3 0-0 7. g4 Bb4 8. Bg2 Nxe5 9. Bxe5 Ne4 10. Bxe4 dxe4 11. g5 Qxg5 12. Qd2 Qg4 13. a3 Ba5 14. b4 Bb6 15. Ne2 Bd7 16. Rg1 Qxg1+ 17. Nxg1 f6 18. Bg3 Rad8 19. c3 Ba4 20. Qa2 Rfe8 21. Ne2 Kh8 22. c4 c6 23. c5 1-0

[Event "Dortmund ABC Aufstreber 18th"]
[Site "Dortmund"]
[Date "2002.11.23"]
[Round "10"]
[White "Thiemig, Rolf"]
[Black "Prangemeier, Dirk"]
[Result "0-1"]
[WhiteElo "1353"]
[BlackElo "1371"]
[PlyCount "120"]
[EventDate "2002.10.11"]
[EventType "tourn"]
[EventRounds "13"]
[EventCountry "GER"]
[SourceTitle "EXT 2004"]
[Source "ChessBase"]
[SourceDate "2003.11.25"]
[SourceVersion "1"]
[SourceVersionDate "2003.11.25"]
[SourceQuality "1"]

1. b3 Nf6 2. Bb2 e6 3. a3 d5 4. e3 Nc6 5. Nf3 Be7 6. d3 0-0 7. Be2 Re8 8. 0-0 Bd6 9. Nbd2 b5 10. h3 e5 11. Nh2 e4 12. dxe4 dxe4 13. Bxb5 Bb7 14. Ng4 Be7 15. Ne5 Qd6 16. Ndc4 Qc5 17. Bxc6 Bxc6 18. Qe2 Bb5 19. Bd4 Bxc4 20. bxc4 Qd6 21. c5 Qe6 22. Rab1 c6 23. Rb7 Bxc5 24. Rxf7 Bxd4 25. exd4 c5 26. c3 a6 27. Rb1 Nd5 28. Rbb7 Re7 29. Rfxe7 Nxe7 30. Qxe4 Rf8 31. Rc7 cxd4 32. cxd4 Re8 33. Qb7 h6 34. Nf3 Nf5 35. g4 Ne7 36. d5 Qd6 37. Rd7 Qxa3 38. d6 Qa1+ 39. Kg2 Ng6 40. Qd5+ Kh7 41. Qf5 Rf8 42. Rf7 Re8 43. Nh4 Re6 44. Qxe6 Nxh4+ 45. Kg3 Ng6 46. d7 Qg1+ 47. Kf3 Qd1+ 48. Kg3 Qg1+ 49. Kf3 Qd1+ 50. Qe2 Ne5+ 51. Ke3 Qxe2+ 52. Kxe2 Nxf7 53. Ke3 Kg6 54. Ke4 Kf6 55. f4 Ke7 56. h4 Kxd7 57. Kd5 Nd6 58. g5 h5 59. Ke5 Ke7 60. f5 a5 0-1

[Event "Dortmund ABC Aufstreber 18th"]
[Site "Dortmund"]
[Date "2002.11.16"]
[Round "9"]
[White "Prangemeier, Dirk"]
[Black "Krueger, Inge"]
[Result "1-0"]
[WhiteElo "1371"]
[BlackElo "1306"]
[PlyCount "47"]
[EventDate "2002.10.11"]
[EventType "tourn"]
[EventRounds "13"]
[EventCountry "GER"]
[SourceTitle "EXT 2004"]
[Source "ChessBase"]
[SourceDate "2003.11.25"]
[SourceVersion "1"]
[SourceVersionDate "2003.11.25"]
[SourceQuality "1"]

1. e4 e6 2. Bc4 c5 3. Nc3 Nc6 4. Nf3 d6 5. d3 Nf6 6. d4 cxd4 7. Nxd4 Bd7 8. Nxc6 Bxc6 9. Bb5 Rc8 10. Bxc6+ Rxc6 11. e5 dxe5 12. Qxd8+ Kxd8 13. Be3 b6 14. 0-0-0+ Kc7 15. f4 Ng4 16. Rhe1 Nxe3 17. Rxe3 exf4 18. Red3 Bc5 19. Nb5+ Kb7 20. Rd7+ Ka6 21. Nxa7 Be3+ 22. Kb1 Rc4 23. R7d3 Ra8 24. Ra3+ 1-0

[Event "Dortmund ABC Aufstreber 18th"]
[Site "Dortmund"]
[Date "2002.11.08"]
[Round "7"]
[White "Kreitz, Thomas"]
[Black "Prangemeier, Dirk"]
[Result "1-0"]
[WhiteElo "1461"]
[BlackElo "1371"]
[PlyCount "69"]
[EventDate "2002.10.11"]
[EventType "tourn"]
[EventRounds "13"]
[EventCountry "GER"]
[SourceTitle "EXT 2004"]
[Source "ChessBase"]
[SourceDate "2003.11.25"]
[SourceVersion "1"]
[SourceVersionDate "2003.11.25"]
[SourceQuality "1"]

1. e4 e5 2. Nf3 Nf6 3. Nc3 d6 4. d4 Bg4 5. Be2 Bxf3 6. Bxf3 exd4 7. Qxd4 Nc6 8. Qd1 Be7 9. Bg5 Nd7 10. Bf4 Bg5 11. Bg3 Bf6 12. 0-0 Nce5 13. Be2 0-0 14. f4 Nc6 15. a3 Re8 16. Bd3 Bd4+ 17. Kh1 h6 18. Qf3 Ne7 19. Rad1 c6 20. Bc4 Bxc3 21. Qxc3 Nb6 22. Bd3 Na4 23. Qd4 Nc5 24. f5 d5 25. Qxc5 Rc8 26. f6 Ng6 27. exd5 cxd5 28. Qd4 Kh7 29. fxg7 Qg5 30. Rxf7 Rg8 31. c3 h5 32. Rdf1 Kh6 33. R7f6 Rxg7 34. Rxg6+ Rxg6 35. Bf4 1-0

[Event "Dortmund ABC Aufstreber 18th"]
[Site "Dortmund"]
[Date "2002.10.12"]
[Round "2"]
[White "Prangemeier, Dirk"]
[Black "Lischer, Thorsten"]
[Result "0-1"]
[WhiteElo "1371"]
[BlackElo "1505"]
[PlyCount "60"]
[EventDate "2002.10.11"]
[EventType "tourn"]
[EventRounds "13"]
[EventCountry "GER"]
[SourceTitle "EXT 2004"]
[Source "ChessBase"]
[SourceDate "2003.11.25"]
[SourceVersion "1"]
[SourceVersionDate "2003.11.25"]
[SourceQuality "1"]

1. e4 e5 2. Bc4 Bc5 3. c3 Nc6 4. Nf3 d6 5. d4 exd4 6. cxd4 Bb4+ 7. Bd2 Bxd2+ 8. Qxd2 Nf6 9. 0-0 0-0 10. Re1 Bg4 11. Qf4 Bxf3 12. Qxf3 Nxd4 13. Qd3 Nc6 14. Nc3 Ne5 15. Qe2 Re8 16. Rad1 a6 17. f4 Nxc4 18. Qxc4 c6 19. Qd3 Qb6+ 20. Kh1 Ng4 21. Rf1 Nf2+ 22. Rxf2 Qxf2 23. Qxd6 Qxb2 24. Qd3 h6 25. Qf3 Rad8 26. Rf1 Qc2 27. Ne2 Qxe4 28. Qxe4 Rxe4 29. Nc3 Rc4 30. Nd1 Rc1 0-1

[Event "Dortmund ABC Aufstreber 18th"]
[Site "Dortmund"]
[Date "2002.10.09"]
[Round "1"]
[White "Gerke, Dieter"]
[Black "Prangemeier, Dirk"]
[Result "1-0"]
[WhiteElo "1500"]
[BlackElo "1371"]
[PlyCount "73"]
[EventDate "2002.10.11"]
[EventType "tourn"]
[EventRounds "13"]
[EventCountry "GER"]
[SourceTitle "EXT 2004"]
[Source "ChessBase"]
[SourceDate "2003.11.25"]
[SourceVersion "1"]
[SourceVersionDate "2003.11.25"]
[SourceQuality "1"]

1. Nf3 Nc6 2. d4 d5 3. g3 Nf6 4. Bg2 e6 5. 0-0 Bd6 6. Re1 Bd7 7. Nbd2 0-0 8. c4 Bb4 9. Qb3 Bxd2 10. Bxd2 Ne7 11. Ne5 Bc6 12. Bb4 Rb8 13. Rac1 Ne8 14. Bxe7 Qxe7 15. Nxc6 bxc6 16. Qxb8 Nd6 17. Qb4 Qf6 18. cxd5 exd5 19. Rxc6 Rd8 20. Bxd5 Qg5 21. e4 h5 22. Rxc7 h4 23. Qb3 h3 24. e5 Nf5 25. Bxf7+ Kh8 26. Re4 Qd2 27. Qc2 Qg5 28. Rc8 a5 29. Rxd8+ Qxd8 30. Qd1 Qa8 31. Rh4+ Nh6 32. Rxh3 Qb7 33. Qb3 Qc7 34. Qe6 Qc1+ 35. Kg2 Qc2 36. Qe8+ Kh7 37. Qg8# 1-0

[Event "Dortmund1"]
[Site "Dortmund"]
[Date "2002.06.07"]
[Round "12"]
[White "Prangemeier, Dirk"]
[Black "Collisy, Klaus Dieter"]
[Result "1-0"]
[WhiteElo "1281"]
[BlackElo "1180"]
[PlyCount "73"]
[EventDate "2002.04.10"]
[EventType "tourn"]
[EventRounds "13"]
[EventCountry "GER"]
[SourceTitle "EXT 2007"]
[Source "ChessBase"]
[SourceDate "2006.11.23"]
[SourceVersion "1"]
[SourceVersionDate "2006.11.23"]
[SourceQuality "1"]

1. Nf3 Nf6 2. d4 d5 3. Nc3 Nc6 4. Ne5 Nxe5 5. dxe5 Ng4 6. Qxd5 e6 7. Qxd8+ Kxd8 8. Bf4 Bc5 9. Ne4 Bb6 10. e3 f5 11. Rd1+ Bd7 12. Bg5+ Ke8 13. Ng3 Nxe5 14. Be2 h6 15. Bf4 Ng6 16. 0-0 e5 17. Bh5 Ke7 18. Bxg6 exf4 19. exf4 Be6 20. Bxf5 Bxf5 21. Nxf5+ Kf6 22. Ng3 g6 23. Rfe1 Rad8 24. Kf1 c6 25. Ne4+ Kf5 26. Nd6+ Kf6 27. Nxb7 Rxd1 28. Rxd1 Rb8 29. Nd6 Bc7 30. b3 Ke6 31. Nc4 Bxf4 32. Na5 Bxh2 33. g3 Bxg3 34. fxg3 Rf8+ 35. Kg2 Rf5 36. Nxc6 g5 37. Nd4+ 1-0

[Event "Dortmund1"]
[Site "Dortmund"]
[Date "2002.05.22"]
[Round "9"]
[White "Nietmann, Friedrich"]
[Black "Prangemeier, Dirk"]
[Result "1-0"]
[WhiteElo "1272"]
[BlackElo "1281"]
[PlyCount "71"]
[EventDate "2002.04.10"]
[EventType "tourn"]
[EventRounds "13"]
[EventCountry "GER"]
[SourceTitle "EXT 2007"]
[Source "ChessBase"]
[SourceDate "2006.11.23"]
[SourceVersion "1"]
[SourceVersionDate "2006.11.23"]
[SourceQuality "1"]

1. Nf3 Nf6 2. c4 c5 3. d4 cxd4 4. Nxd4 e5 5. Nb5 d5 6. cxd5 Qa5+ 7. N1c3 Bb4 8. a3 Bxc3+ 9. Nxc3 0-0 10. b4 Qc7 11. Bb2 Rd8 12. e4 a6 13. Rc1 Qb6 14. Na4 Qd6 15. Qc2 Nbd7 16. Bd3 b5 17. Nc5 Nf8 18. 0-0 Ng6 19. g3 Nh5 20. Be2 Nf6 21. Qd2 Re8 22. Bf3 h6 23. Qe2 Re7 24. h4 Rea7 25. h5 Nf8 26. Nd3 Re7 27. Rc6 Qd7 28. Nxe5 Qh3 29. Rxf6 Rxe5 30. Bxe5 gxf6 31. Bxf6 Nd7 32. Bd4 a5 33. Bg4 Qxf1+ 34. Kxf1 axb4 35. axb4 Ra4 36. Qd2 1-0

[Event "Dortmund1"]
[Site "Dortmund"]
[Date "2002.05.08"]
[Round "6"]
[White "Juergens, Ulrich"]
[Black "Prangemeier, Dirk"]
[Result "0-1"]
[WhiteElo "1086"]
[BlackElo "1281"]
[PlyCount "60"]
[EventDate "2002.04.10"]
[EventType "tourn"]
[EventRounds "13"]
[EventCountry "GER"]
[SourceTitle "EXT 2007"]
[Source "ChessBase"]
[SourceDate "2006.11.23"]
[SourceVersion "1"]
[SourceVersionDate "2006.11.23"]
[SourceQuality "1"]

1. e4 c6 2. g3 d5 3. e5 d4 4. d3 Qd5 5. Nf3 Nd7 6. Bf4 f6 7. Qe2 fxe5 8. Bxe5 Nxe5 9. Qxe5 Qxf3 10. Rg1 Qf6 11. Qh5+ Qf7 12. Qc5 Qe6+ 13. Be2 Bd7 14. Qxd4 Nf6 15. Nd2 Rg8 16. b3 g6 17. 0-0-0 Bg7 18. Bf3 Nd5 19. Qh4 Qd6 20. Nc4 Qc7 21. Qxh7 0-0-0 22. Qh4 Rh8 23. Qe4 Bh6+ 24. Kb2 Bg7+ 25. d4 Bf5 26. Qe2 c5 27. Ne5 cxd4 28. Nf7 d3+ 29. Kc1 dxe2 30. Bg4 Qxc2# 0-1

[Event "Dortmund1"]
[Site "Dortmund"]
[Date "2002.04.13"]
[Round "2"]
[White "Roehn, Winfried"]
[Black "Prangemeier, Dirk"]
[Result "0-1"]
[WhiteElo "1103"]
[BlackElo "1281"]
[PlyCount "42"]
[EventDate "2002.04.10"]
[EventType "tourn"]
[EventRounds "13"]
[EventCountry "GER"]
[SourceTitle "EXT 2007"]
[Source "ChessBase"]
[SourceDate "2006.11.23"]
[SourceVersion "1"]
[SourceVersionDate "2006.11.23"]
[SourceQuality "1"]

1. e4 d5 2. Nc3 dxe4 3. Nxe4 Bf5 4. f3 Nc6 5. Bb5 e6 6. d4 a6 7. Ba4 b5 8. Bb3 Nxd4 9. Be3 Nxb3 10. axb3 Bxe4 11. fxe4 Qh4+ 12. Bf2 Qxe4+ 13. Ne2 Qxg2 14. Ng3 Nf6 15. Qd4 Bd6 16. 0-0-0 Rd8 17. b4 0-0 18. Rdg1 Qf3 19. Nf1 Bf4+ 20. Nd2 Bxd2+ 21. Qxd2 Rxd2 0-1